| 000 | 01030nam a2200217Ia 4500 | ||
|---|---|---|---|
| 001 | 230-BIL lo (4009) | ||
| 003 | IT-MiSPE | ||
| 008 | 171229s9999||||xx |||||||||||||| ||und|| | ||
| 040 |
_aIT-MiSPE _cIT-MiSPE |
||
| 041 | _aLATINO | ||
| 100 | _aLouis Billot (Ludovicus Billot) | ||
| 245 | 0 |
_a(IX) Tractatus de Ecclesia Christi: Sive continuatio theologiae de Verbo incarnato _bII. De potestate ecclesiastica |
|
| 250 | _a1a ed. (v) | ||
| 260 |
_aRomae _bTyp. Pol. S.C. de Prop. Fide _c1899 |
||
| 300 |
_a172 p. [4 v.] _c21 cm |
||
| 490 | _v 2° | ||
| 501 | _aEdizioni San Paolo srl - Piazza Soncino, 5 - 20092 CINISELLO BALSAMO (MI) (non commercial uses only) ® Copyright 2018 | ||
| 942 | _cBK | ||
| 957 | _71 | ||
| 999 |
_a8327 _bNO _g Copie: 1 _c339958 _d339958 |
||